000 00694nam a2200253Ia 4500
003 OSt
005 20220927104755.0
006 a|||||r|||| 00| 0
007 ta
008 220926b |||||||| |||| 00| 0 eng d
024 _a131128
037 _cReference Collections
040 _aRTL
_cRTL
_beng
041 _2eng
_aeng
082 _a"U47k, M1;M6/RR"
100 _aJohnston R J Ed.
_9367277
245 0 _aDictionary of human geography
250 _a2
260 _aOxford
_bBasil Blackwell
_c1986
300 _a"x,576p"
_ccm.
650 _aHuman Geography
_9367278
942 _h"U47k, M1;M6/RR"
_cCC
999 _c688641
_d688641